000 00348nam a2200133Ia 4500
008 220204s9999 xx 000 0 und d
082 _a543.0062
_bAYR
100 _aAyres, Gilbert H
245 0 _aQuantitative chemical analysis
250 _aEd.2
260 _aLondon
_bHarper & Row
_c1968
650 _aQuantitative chemical analysis
942 _cBK
999 _c23640
_d23640